Optimal Planning for Economic Stabilization <The> Application of Control Theory to Stabilization Policy

Saved in:
Bibliographic Details
Main Author: Pindyck, Robert S.
Format: Book
Language:English
Published: Amsterdam North-Holland 1973
Edition:1. ed.
Series:Contributions to Economic Analysis Vol.81
Subjects:
Tags: Add Tag
No Tags, Be the first to tag this record!

MARC

LEADER 00000nam a2200000 4500
001 c010549
005 20221207073950.7
020 |a 0-7204-3183-2 
041 0 |a eng 
044 |a US 
245 1 0 |a Optimal Planning for Economic Stabilization  |b <The> Application of Control Theory to Stabilization Policy  |c Robert S. Pindyck 
250 |a 1. ed. 
264 1 |a Amsterdam  |b North-Holland  |c 1973 
300 |a 167 s. 
490 1 |a Contributions to Economic Analysis  |v Vol.81 
830 0 |a Contributions to Economic Analysis  |v Vol.81 
610 2 0 |a modelovanie ekonometrické 
610 2 0 |a analýza ekonomická 
610 2 0 |a plánovanie optimálne 
610 2 0 |a modely 
610 2 0 |a modely ekonometrické 
610 2 0 |a plán 
610 2 0 |a plánovanie 
610 2 0 |a USA 
610 2 0 |a politika hospodárska 
610 2 0 |a teória regulovania 
100 1 |a Pindyck, Robert S.